MCU Movies By Battle Scenes - Normal - Statistics

General Stats
  • This quiz has been taken 173 times
  • The average score is 18 of 20
Answer Stats
Picture Answer % Correct
Thor
99%
Spider-Man: Homecoming
96%
Captain America: The First Avenger
95%
Captain America: The Winter Soldier
95%
The Avengers
95%
Avengers: Endgame
94%
Avengers: Age of Ultron
93%
Ant-Man and the Wasp
92%
Avengers: Infinity War
92%
Eternals
92%
Shang-Chi and the Legend of the Ten Rings
92%
Black Panther: Wakanda Forever
89%
The Marvels
89%
Thor: Love and Thunder
89%
Doctor Strange in the Multiverse of Madness
87%
The Incredible Hulk
87%
Thunderbolts
86%
Captain America: Brave New World
85%
Guardians of the Galaxy Vol. 3
85%
Ant-Man and the Wasp: Quantumania
83%
No matching quizzes found
Score Distribution
Percent of People with Each Score
Percentile by Number Answered
Your Score History
You have not taken this quiz